000 00468nam a2200181Ia 4500
008 240925s9999 xx 000 0 und d
020 _a9788131504871
082 _a658-15 MEG
100 _aMegiginson, L William.
245 0 _aPrinciples of Corporate Finance
250 _aNA
260 _aNew Delhi:
_bCengage Learning
_c,2007.
300 _a462p.
_b0
_fOriginal
500 _aIncludes Index
600 _aSocial Sciences
650 _aManagement
942 _cBK
999 _c17673
_d17673